Thinking like an engineer : An active learning approach

Thinking Like an Engineer: An Active Learning Approach, Third Edition, is specifically designed to utilize an active learning environment for first-year engineering courses. MyEngineeringLab for Thinking Like an Engineer is a complete digital solution for your first-year engineering course. MyEngine...

Descripció completa

Guardat en:
Dades bibliogràfiques
Format: Llibre
Idioma:Undetermined
Publicat: Upper Saddle River, N.J. Pearson 2014
Matèries:
Etiquetes: Afegir etiqueta
Sense etiquetes, Sigues el primer a etiquetar aquest registre!
Thư viện lưu trữ: Trung tâm Học liệu Trường Đại học Cần Thơ
LEADER 01179nam a2200217Ia 4500
001 CTU_189519
008 210402s9999 xx 000 0 und d
020 |c 3990000 
082 |a 620.00711 
082 |b T422 
245 0 |a Thinking like an engineer : 
245 3 |b An active learning approach 
245 0 |c Elizabeth A. Stephan ... [et al.]. 
260 |a Upper Saddle River, N.J. 
260 |b Pearson 
260 |c 2014 
520 |a Thinking Like an Engineer: An Active Learning Approach, Third Edition, is specifically designed to utilize an active learning environment for first-year engineering courses. MyEngineeringLab for Thinking Like an Engineer is a complete digital solution for your first-year engineering course. MyEngineeringLab is an online homework, tutorial, and assessment program that truly engages students as it offers customized, self-paced learning with instant feedback. Students will be prepared ahead of class, allowing you to spend class time focusing on active learning. 
650 |a Engineering,Kỹ thuật 
650 |x Study and teaching,Dạy và học 
910 |a Hải 
980 |a Trung tâm Học liệu Trường Đại học Cần Thơ